00818nam a2200157 a 450000100100000000500170001000800410002704000250006824500550009326001050014830000350025304900090028895201700029795201760046799900170064300003098820200930062631.0110609s1944 dr 000 0 spa d aDO-SdBNPbspacBNPHU03aEl primer centenario de la República Dominicana. aCiudad Trujillo, República Dominicana :bEditorial "La Nación" de L. Sánchez Andújar,c1944. a99 p. :bil., retrs. ;c24 cm. aBNPD 001050718RVaPDbPDcCTd2011-06-09iLF1l0o p30988-10r2020-06-25w2020-06-25y1zPerteneció a la biblioteca personal de Germán Emilio Ornes.ZNo se presta 001050718RVaPDbPDcCTd2011-06-09iLF1l0o p30988-20r2020-06-25te. 2w2020-06-25y1zPerteneció a la biblioteca personal de Germán Emilio Ornes.ZNo se presta c30480d30480